| 000 | 00739cam a22002413a 4500 | ||
|---|---|---|---|
| 001 | 15997 | ||
| 003 | PGUSA | ||
| 005 | 20140828083337.0 | ||
| 008 | 050607s2005||||xxu|||||s|||||000 | eng d | ||
| 040 |
_aPGUSA _beng |
||
| 042 | _adc | ||
| 050 | 4 | _aQH | |
| 100 | 1 |
_aWallace, Alfred Russel, _d1823-1913 |
|
| 245 | 1 | 0 |
_aAlfred Russel Wallace : _bLetters and Reminiscences, Vol. 1 _h[electronic resource] / _cAlfred Russel Wallace |
| 260 |
_bProject Gutenberg, _c2005 |
||
| 506 | _aPublic domain in the USA. | ||
| 516 | _aElectronic text | ||
| 653 | _aNaturalists -- Correspondence | ||
| 653 | _aWallace, Alfred Russel, 1823-1913 | ||
| 830 | 0 |
_aProject Gutenberg _v15997 |
|
| 856 | 4 | 0 | _uhttp://www.gutenberg.org/ebooks/15997 |
| 942 | _cEB | ||
| 999 |
_c245252 _d245252 |
||